000 00393nam a2200145Ia 4500
008 220217s9999||||xx |||||||||||||| ||und||
020 _a0-07-042142-0
082 _a004.6 LEW
100 _aLewis, Chris
_93909
245 0 _aCisco TCP/IP: routing professional reference
250 _a3rd
260 _aTata mcgraw hill
_bNew Delhi
_c2000
300 _b350
650 _aCOMPUTER NETWORK
999 _c173080
_d173080